Careers in hotels and catering : your questions and answers

Αποθηκεύτηκε σε:
Λεπτομέρειες βιβλιογραφικής εγγραφής
Μορφή: Βιβλίο
Γλώσσα:English
Δημοσίευση: Great Britain : Trotman, 1995
Θέματα:
Ετικέτες: Προσθήκη ετικέτας
Δεν υπάρχουν, Καταχωρήστε ετικέτα πρώτοι!

MARC

LEADER 00000nam a2200000 i 4500
001 1/64653
008 980807s1995 eng d
020 |a 0856602698 
035 |l 10029466 
040 |a GR-MY-UA  |b gre  |e aacr 
041 0 |a eng 
082 0 |a 647.94068 
245 1 0 |a Careers in hotels and catering :  |b your questions and answers 
246 3 3 |a Hotels and catering a questions & answers careers book 
260 |a Great Britain :   |b Trotman,   |c 1995 
300 |a 43 p. 
650 0 0 |a Hotel management. 
650 0 0 |a Caterers and catering  |x Management. 
852 |a INST  |b CHIOS  |e 19980807  |h 647.94068 CAR  |p 005200015898  |q 005200015898  |t BK  |y 0 
901 |a BIBL-1998-2 
909 |a Χ  |b 058460 
922 |a 2ΕΛΗ  |b 199807  |c ΤΔΕ  |d ΠΑΠΑΣΩΤΗΡΙΟΥ